[Event "45th Olympiad 2024"]
[Site "Budapest HUN"]
[Date "2024.09.22"]
[Round "11.16"]
[Board "4"]
[White "Vykouk, Jan"]
[Black "Apol, Luitjen Akselsson"]
[Result "0-1"]
[WhiteElo "2483"]
[BlackElo "2219"]
[PlyCount "72"]
[EventDate "2024.09.11"]
[WhiteTeam "Czech Republic"]
[BlackTeam "Faroe Islands"]
[WhiteTeamCountry "CZE"]
[BlackTeamCountry "FAI"]

1. e4 c5 2. Nf3 d6 3. d4 cxd4 4. Nxd4 Nf6 5. Nc3 a6 6. Bg5 Nbd7 7. Bc4 Qb6 8. Bb3 e6 9. Qd2 Be7 10. f3 Nc5 11. O-O-O Qc7 12. h4 ({RR} 12. g4 b5 13. a3 Bd7 14. Ba2 Rb8 15. b4 Nb7 16. Be3 Rc8 17. Kb2 O-O 18. h4 a5 19. g5 Nh5 20. Ncxb5 Qb8 21. Na7 Rc7 22. Ndb5 Bxb5 23. Nxb5 Rd7 24. Nd4 Nd8 25. c3 g6 26. Rhe1 Qa8 {½-½ Swiercz,D (2654)-Bruzon Batista,L (2673) Saint Louis Spring-A 2018 (8)}) 12... Bd7 13. h5 $146 ({RR} 13. g4 b5 14. Rhe1 Rb8 15. Nf5 exf5 16. exf5 Nxb3+ 17. axb3 Bc6 18. Qxd6 Qxd6 19. Rxd6 Rc8 20. Rxf6 O-O 21. Rxc6 Bxg5+ 22. hxg5 Rxc6 23. Ne4 Rfc8 24. c3 h6 25. gxh6 Rxh6 26. Kd2 Rh2+ 27. Re2 Rh1 {½-½ McLean,R (1882)-Abhyuday,S (2167) 2nd Cambridge Int Open 2024 (5.18)}) ({RR} 13. a3 b5 14. Ba2 O-O 15. Kb1 Rfb8 16. b4 Nb7 17. Qd3 Nd8 18. f4 Rc8 19. Nde2 Bc6 20. f5 a5 21. fxe6 axb4 22. exf7+ Nxf7 23. axb4 Ra3 24. Kb2 Rca8 25. Ra1 d5 26. exd5 Ne5 27. Qd4 Kh8 {1-0 Paravyan,D (2589)-Nazari,A (2405) 4th Yerevan Open A 2022 (9.7)}) ({RR} 13. Kb1 b5 14. Rc1 Rb8 15. Qe2 O-O 16. h5 b4 17. Nd1 a5 18. c3 a4 19. Bc4 h6 20. Bd2 b3 21. a3 e5 22. Ne3 exd4 23. cxd4 d5 24. Bxd5 Bb5 25. Bc4 Ne6 26. Bxb5 Qa7 27. Nf5 Nxd4 {1-0 Dushyant,S (2168)-Meissner,F (2407) Pardubice Czech op-A 30th 2019 (1)}) 13... h6 14. Bh4 b5 15. a3 a5 16. Kb1 Qb7 17. Nce2 b4 18. axb4 axb4 19. Nc1 O-O 20. g4 Qa6 21. Ba2 Rfb8 22. Qe2 Bb5 23. Nxb5 Rxb5 24. b3 Qb7 25. Kb2 Rba5 26. Bb1 Qa7 27. c4 Ra1 28. Rd2 Rxb1+ 29. Kxb1 Qa1+ 30. Kc2 Ra2+ 31. Kd1 Nxb3 32. Rc2 Nxc1 33. Rxc1 Qd4+ 34. Ke1 Rxe2+ 35. Kxe2 Nxg4 36. fxg4 Qxe4+ 0-1

[Event "45th Olympiad 2024"]
[Site "Budapest HUN"]
[Date "2024.09.22"]
[Round "11.17"]
[Board "1"]
[White "Rodrigue-Lemieux, Shawn"]
[Black "Nguyen, Ngoc Truong Son"]
[Result "1/2-1/2"]
[WhiteElo "2509"]
[BlackElo "2633"]
[PlyCount "88"]
[EventDate "2024.09.11"]
[WhiteTeam "Canada"]
[BlackTeam "Vietnam"]
[WhiteTeamCountry "CAN"]
[BlackTeamCountry "VIE"]

1. e4 e5 2. Nf3 Nc6 3. Bc4 Bc5 4. c3 Nf6 5. d3 O-O 6. O-O d5 7. exd5 Nxd5 8. h3 Nb6 9. Bb5 Re8 10. Re1 Bd7 ({RR} 10... f6 11. Nbd2 Bd7 12. Ne4 Bf8 13. Ng3 a6 14. Bxc6 Bxc6 15. Be3 Nd5 16. Qd2 Nxe3 17. Qxe3 Qd5 18. b3 Rad8 19. Rad1 Bc5 20. Qe4 Qd7 21. Qc4+ Qd5 22. Qg4 Qf7 23. Nf5 Kh8 24. d4 exd4 25. Rxe8+ {0-1 Kochiev,I (2051)-Yagupov,I (2290) Titled Tue 20th Feb Late 2024 (5)}) 11. Nbd2 Bd6 12. Nc4 Qf6 $146 ({RR} 12... Nxc4 13. Bxc4 h6 14. Qb3 Qf6 15. Bd5 Rab8 16. Be3 Be6 17. a4 Bxd5 18. Qxd5 Qe6 19. Qxe6 Rxe6 20. b4 b6 21. Kf1 f6 22. Nd2 Ne7 23. Ne4 Nd5 24. Bd2 Bf8 25. b5 a5 26. bxa6 Ra8 27. Reb1 {1-0 Sermek,D (2460)-Mikac,M (2395) SLO-ch Slovenia 1993}) ({RR} 12... Nxc4 13. Bxc4 h6 14. Bb3 Bf5 15. Nd2 Qd7 16. Ne4 Bf8 17. Qf3 Be6 18. Bxh6 f6 19. Be3 Bxb3 20. axb3 Qf7 21. b4 a6 22. Bc5 Rab8 23. Bxf8 Rxf8 24. Nc5 Nd8 25. Rad1 Re8 26. d4 exd4 27. Rxe8+ {½-½ Fenil,S (2324)-Bellia,F (2435) Rilton Cup 47th 2017 (5)}) ({RR} 12... Nxc4 13. Bxc4 h6 14. d4 exd4 15. Rxe8+ Qxe8 16. cxd4 Qe7 17. Bd2 a6 18. Qb3 b5 19. Bd5 Rf8 20. a4 b4 21. Qd3 Qf6 22. Re1 Ne7 23. Ne5 Bxa4 24. Bc4 c5 25. Ra1 Bc6 26. Rxa6 Bxe5 27. dxe5 {½-½ Aabling Thomsen,J (2365)-Andersen,M (2497) Copenhagen GM 2014 (6)}) 13. Nxb6 axb6 14. Bc4 h6 15. a3 Rad8 16. Be3 Bf5 17. Qe2 e4 18. dxe4 Bxe4 19. Rad1 Bxf3 20. Qxf3 Qxf3 21. gxf3 Ne5 22. Be2 Ng6 23. Rd4 Bc5 24. Rxd8 Rxd8 25. Kf1 Bxe3 26. fxe3 Rd2 27. Rb1 Kf8 28. Ke1 Rd6 29. b4 Ke7 30. c4 Nh4 31. c5 bxc5 32. bxc5 Rd5 33. Rxb7 Rxc5 34. Kd2 g5 35. a4 Kd6 36. Ra7 Rd5+ 37. Kc3 Re5 38. e4 Rc5+ 39. Kb2 Ng2 40. a5 Ne3 41. Kb1 Rc2 42. Bb5 Rc5 43. Be2 Rc2 44. Bb5 Rc5 1/2-1/2

[Event "45th Olympiad 2024"]
[Site "Budapest HUN"]
[Date "2024.09.22"]
[Round "11.17"]
[Board "2"]
[White "Le, Tuan Minh"]
[Black "Panjwani, Raja"]
[Result "1-0"]
[WhiteElo "2564"]
[BlackElo "2460"]
[PlyCount "61"]
[EventDate "2024.09.11"]
[WhiteTeam "Vietnam"]
[BlackTeam "Canada"]
[WhiteTeamCountry "VIE"]
[BlackTeamCountry "CAN"]

1. d4 f5 2. g3 Nf6 3. Bg2 g6 4. Nd2 Bg7 5. c3 Nc6 6. Ngf3 d6 7. O-O O-O 8. b4 a6 9. Bb2 ({RR} 9. Qb3+ e6 10. Bb2 Ne4 11. Rfd1 Qf6 12. c4 Qf7 13. Rac1 Ne7 14. e3 h6 15. Qc2 Nxd2 16. Nxd2 g5 17. d5 e5 18. c5 Bd7 19. cxd6 cxd6 20. Qc7 Ba4 21. Re1 Nc8 22. e4 Qe8 23. Qxb7 Ra7 {½-½ Ibragimov,I (2555)-Malaniuk,V (2610) RUS-Cup5 Ekaterinburg 1997 (9)}) ({RR} 9. Qb3+ Kh8 10. Ng5 d5 11. Ngf3 Ne4 12. Bb2 e5 13. dxe5 Nxe5 14. c4 dxc4 15. Nxc4 Nxc4 16. Bxg7+ Kxg7 17. Qxc4 Qe7 18. Rfd1 c6 19. Nd4 Nf6 20. Rd3 Qf7 21. Qc3 Be6 22. a3 Rae8 23. Rad1 Kg8 {½-½ Injac,T (2422)-Jakubowska,A (2139) Swiss Queens Wed #14 2024 (3.189)}) 9... e5 10. dxe5 $146 ({RR} 10. Qb3+ Kh8 11. dxe5 Nxe5 12. Nxe5 dxe5 13. Rad1 Qe7 14. c4 e4 15. f3 exf3 16. exf3 Re8 17. h3 f4 18. gxf4 Bf5 19. Be5 Nh5 20. Rfe1 Qh4 21. Qe3 Bxe5 22. fxe5 Nf4 23. Ne4 Nxg2 24. Kxg2 Qxh3+ {0-1 Boetzel,B-Bruemmer,A Oberliga NRW 9091 II 1990}) 10... dxe5 11. e4 Qe7 12. a4 Rd8 13. Qe2 Nxe4 14. Nxe4 fxe4 15. Nd2 Bg4 16. Qxg4 Rxd2 17. Bc1 Qd7 18. Qxe4 Rd1 19. Be3 Rxf1+ 20. Bxf1 Bf6 21. Be2 Kg7 22. Rd1 Qe8 23. Qc4 Rd8 24. b5 Rxd1+ 25. Bxd1 axb5 26. axb5 Qd8 27. Bb3 Na5 28. Qf7+ Kh8 29. Bd5 Bg7 30. Bg5 Qf8 31. Qxc7 1-0

[Event "45th Olympiad 2024"]
[Site "Budapest HUN"]
[Date "2024.09.22"]
[Round "11.17"]
[Board "3"]
[White "Thavandiran, Shiyam"]
[Black "Tran, Tuan Minh"]
[Result "1-0"]
[WhiteElo "2388"]
[BlackElo "2434"]
[PlyCount "83"]
[EventDate "2024.09.11"]
[WhiteTeam "Canada"]
[BlackTeam "Vietnam"]
[WhiteTeamCountry "CAN"]
[BlackTeamCountry "VIE"]

1. e4 c5 2. Nf3 d6 3. d4 cxd4 4. Nxd4 Nf6 5. Nc3 a6 6. h3 e5 7. Nde2 Be7 8. g4 Be6 9. g5 ({RR} 9. Bg2 O-O 10. O-O Nbd7 11. Ng3 b5 12. Be3 Nb6 13. b3 Rc8 14. Qd2 Qc7 15. Nd5 Nbxd5 16. exd5 Bd7 17. Rfc1 Qc3 18. Qxc3 Rxc3 19. Bd2 Rc7 20. Ba5 Rcc8 21. c4 bxc4 22. bxc4 Rb8 23. Rab1 Rfc8 {1-0 Mamedov,R (2659)-Nigalidze,G (2542) Olympiad-41 Tromsoe 2014 (6.3)}) ({RR} 9. Bg2 h5 10. g5 Nfd7 11. h4 Nc6 12. Be3 Nb6 13. b3 Rc8 14. Nd5 Bxd5 15. exd5 Nb8 16. a4 Qc7 17. c4 N6d7 18. Bh3 a5 19. Nc3 Na6 20. Nb5 Qd8 21. O-O g6 22. Qd3 Ndc5 23. Bxc5 Nxc5 {0-1 Elesbao,B (1551)-Pavoni,F (1814) Florianopolis Winter op 6th 2022 (2)}) 9... Nfd7 10. h4 b5 11. Ng3 $146 ({RR} 11. a4 bxa4 12. Nd5 Nb6 13. Nxb6 Qxb6 14. Nc3 Nd7 15. Nd5 Bxd5 16. Qxd5 O-O 17. Bg2 Rac8 18. c3 Qb5 19. Bh3 Rc7 20. Bf1 Qxd5 21. exd5 Nb6 22. Bg2 Rb8 23. Kd1 Nc4 24. Kc2 Rcb7 25. Rxa4 Nxb2 {1-0 Samunenkov,I (2369)-Ferreira,V (2123) Titled Tuesday intern op 14th Dec blitz 2021 (3)}) 11... Nb6 12. Nf5 O-O 13. Be3 N8d7 14. a3 Nc5 15. Qf3 Rc8 16. O-O-O Qc7 17. Bxc5 dxc5 18. Nd5 Nxd5 19. exd5 Bxf5 20. Qxf5 c4 21. d6 Bxd6 22. h5 Qe7 23. Bg2 Rcd8 24. Be4 g6 25. hxg6 hxg6 26. Qh3 Qxg5+ 27. f4 Qxf4+ 28. Kb1 Kg7 29. Qh7+ Kf6 30. Rdf1 Rh8 31. Rxf4+ exf4 32. Qxh8+ Rxh8 33. Rxh8 Bc5 34. Kc1 Kg7 35. Rc8 Be3+ 36. Kd1 f5 37. Bh1 g5 38. Rc6 a5 39. Ra6 a4 40. Ra5 g4 41. Ke2 Kf6 42. Rxb5 1-0

[Event "45th Olympiad 2024"]
[Site "Budapest HUN"]
[Date "2024.09.22"]
[Round "11.17"]
[Board "4"]
[White "Banh Gia Huy"]
[Black "Preotu, Razvan"]
[Result "1/2-1/2"]
[WhiteElo "2425"]
[BlackElo "2451"]
[PlyCount "140"]
[EventDate "2024.09.11"]
[WhiteTeam "Vietnam"]
[BlackTeam "Canada"]
[WhiteTeamCountry "VIE"]
[BlackTeamCountry "CAN"]

1. d4 d5 2. Nf3 Nf6 3. Bf4 e6 4. e3 Bd6 5. Ne5 O-O 6. Nd2 c5 7. c3 Qc7 8. Bd3 b6 9. O-O ({RR} 9. h4 Ba6 10. Bxa6 Nxa6 11. h5 Nd7 12. Ndf3 f6 13. Nd3 cxd4 14. Nxd4 e5 15. Ne6 Qc4 16. Nxf8 Bxf8 17. Bg3 Ndc5 18. Nxc5 Nxc5 19. Rh4 e4 20. Qe2 Nd3+ 21. Kf1 f5 22. Kg1 Rc8 23. Rh1 Kf7 {1-0 Firouzja,A (2749)-Duda,J (2743) Tata Steel 83rd 2021 (7)}) ({RR} 9. h4 Ba6 10. Bxa6 Nxa6 11. h5 cxd4 12. exd4 Ne4 13. Nxe4 dxe4 14. Qe2 Nc5 15. h6 g6 16. g3 f6 17. dxc5 Bxe5 18. cxb6 Qxb6 19. Bxe5 fxe5 20. Rh2 Rad8 21. Rd1 Rd5 22. Rd2 Rfd8 23. Rc2 Rd3 {½-½ Khotenashvili,B (2454)-Allahverdiyeva,A (2152) 24th ch-EUR Indiv w 2024 (8.40)}) 9... Ba6 10. Bxa6 Nxa6 11. Qe2 $146 ({RR} 11. Qf3 Nd7 12. Qg3 f6 13. Nxd7 Bxf4 14. Qxf4 Qxd7 15. Nf3 Rae8 16. Qh4 Nb8 17. Rad1 Nc6 18. Rfe1 Ne7 19. e4 dxe4 20. Qxe4 Nf5 21. dxc5 Qb5 22. cxb6 Qxb6 23. b3 Kh8 24. c4 Qa5 25. Re2 h6 {0-1 Efremova,Y (2128)-Berdayes Ason,D (2445) Titled Tuesday intern op 20th Oct blitz 2020 (2)}) ({RR} 11. Qf3 Rac8 12. Rad1 Nb8 13. Ng4 Nxg4 14. Bxd6 Qxd6 15. Qxg4 cxd4 16. Qxd4 Nc6 17. Qg4 Ne5 18. Qg3 Rfd8 19. Ne4 Qc7 20. Nf6+ Kh8 21. Nh5 Rg8 22. Rd4 Nc4 23. Rb1 Qxg3 24. Nxg3 Rgd8 25. Kf1 g6 {0-1 Koellner,A (2163)-Hacker,J (2462) 25th OIBM 2022 (9.17)}) ({RR} 11. Qf3 Nb8 12. Rfd1 Nc6 13. Nd3 Bxf4 14. Nxf4 Rfd8 15. Nd3 Qe7 16. Qg3 Rac8 17. Ne5 Qc7 18. Rac1 Nxe5 19. dxe5 Nd7 20. Nf3 b5 21. h4 f6 22. Qg4 f5 23. Qf4 c4 24. Nd4 Qb6 25. Qg3 Nc5 {1-0 Batchuluun,A (2089)-Sodbilegt,N (1744) Ulaanbaatar Mica op 2nd 2022 (5)}) 11... Nb8 12. Rac1 Nc6 13. Ndf3 c4 14. Nxc6 Bxf4 15. exf4 Qxc6 16. Ne5 Qc7 17. h4 Ne4 18. g3 b5 19. h5 f6 20. Ng4 h6 21. Ne3 Rae8 22. Kg2 Qf7 23. Qg4 f5 24. Qe2 Rb8 25. a3 a5 26. Nc2 Rb6 27. Rh1 Rfb8 28. Rhe1 Rc6 29. Ra1 Nf6 30. Rh1 Rbb6 31. Rac1 Rd6 32. Rce1 Nd7 33. Rh3 Nb8 34. g4 fxg4 35. Qxg4 Nd7 36. Kh1 Nf6 37. Qh4 Rd7 38. Rg1 Ne4 39. Ne3 Nd6 40. Rg6 Nf5 41. Nxf5 Qxf5 42. Rhg3 Kh7 43. Qg4 Qxg4 44. R3xg4 b4 45. axb4 axb4 46. f5 bxc3 47. fxe6 Re7 48. bxc3 Rbxe6 49. Rxe6 Rxe6 50. Rf4 Re1+ 51. Kg2 Rc1 52. Rf5 Rxc3 53. Rxd5 Rd3 54. Rd8 c3 55. Rc8 Rxd4 56. Rxc3 Rd5 57. Rh3 Rg5+ 58. Kf3 Kg8 59. Ke4 Kf7 60. f4 Ra5 61. Kf3 Ra3+ 62. Kg4 Rxh3 63. Kxh3 Kf6 64. Kg4 Ke6 65. Kf3 Kf5 66. Kg3 g6 67. hxg6 Kxg6 68. Kg4 h5+ 69. Kh4 Kf5 70. Kxh5 Kxf4 1/2-1/2

[Event "45th Olympiad 2024"]
[Site "Budapest HUN"]
[Date "2024.09.22"]
[Round "11.18"]
[Board "1"]
[White "Rodshtein, Maxim"]
[Black "Atabayev, Saparmyrat"]
[Result "1-0"]
[WhiteElo "2600"]
[BlackElo "2516"]
[PlyCount "99"]
[EventDate "2024.09.11"]
[WhiteTeam "Israel"]
[BlackTeam "Turkmenistan"]
[WhiteTeamCountry "ISR"]
[BlackTeamCountry "TKM"]

1. Nf3 Nf6 2. g3 d5 3. Bg2 Bg4 4. O-O Nbd7 5. d3 e5 6. h3 Bxf3 7. Bxf3 c6 8. e4 ({RR} 8. Bg2 Bc5 9. Nd2 O-O 10. c4 dxc4 11. Nxc4 Re8 12. Qc2 Qe7 13. e3 Nb6 14. b3 Nxc4 15. bxc4 Rad8 16. Rb1 Rd6 17. Rd1 h5 18. Bb2 Qd7 19. Qe2 Qf5 20. Bc3 Re7 21. Rd2 Qg6 22. Rbd1 b5 {1-0 Nemec,J (2416)-Jirovsky,M (2450) ch-CZE 2024 Ostrava CZE (8.4)}) 8... dxe4 9. dxe4 Nc5 $146 ({RR} 9... Bc5 10. Nd2 O-O 11. Qe2 a5 12. Bg2 a4 13. Nc4 b5 14. Ne3 Re8 15. Bd2 g6 16. b4 axb3 17. axb3 Nb6 18. Kh2 Qe7 19. Ng4 Nbd7 20. Nxf6+ Nxf6 21. h4 Kg7 22. Bh3 Red8 23. Rxa8 Rxa8 24. Bg5 {½-½ Nikolic,P (2638)-Grabarczyk,M (2450) Bundesliga 1213 2012 (4.6)}) ({RR} 9... Be7 10. Nd2 O-O 11. Qe2 Nc5 12. Rd1 Qc7 13. Nf1 Rad8 14. Bg5 Rxd1 15. Rxd1 Rd8 16. Bxf6 Bxf6 17. h4 Rxd1 18. Qxd1 Qd8 19. Qxd8+ Bxd8 20. Ne3 g6 21. Kf1 Kf8 22. Ke2 Ke7 23. Kd2 b5 24. Bg2 {½-½ Martin Del Campo C,R (2374)-Diaz Hernandez,H (2367) Mexico City Independencia Cup GM 2016 (2)}) ({RR} 9... Bc5 10. Nd2 O-O 11. Qe2 Qe7 12. Nc4 Rfd8 13. Bg5 h6 14. Bd2 Nf8 15. Ne3 Qd7 16. Ba5 Bb6 17. Bc3 Bd4 18. Rad1 Qxh3 19. Bxd4 exd4 20. Ng4 N6h7 21. Rd3 h5 22. Nh2 g6 23. Rfd1 Qe6 24. c3 {0-1 Maletin,P (2574)-Lintchevski,D (2450) EU-ch 9th Plovdiv 2008 (10)}) 10. Qe2 Qd7 11. Bg2 Ne6 12. Rd1 Nd4 13. Qf1 O-O-O 14. Rd2 Qc7 15. c3 Ne6 16. Rxd8+ Qxd8 17. Nd2 h5 18. Nf3 Qc7 19. Qe2 Bc5 20. b4 Bb6 21. Bd2 Rd8 22. h4 Ng4 23. Be1 Qd6 24. Bh3 g6 25. a4 a6 26. Ra2 Qd3 27. Kg2 f6 28. Nh2 f5 29. Rd2 Qb1 30. Rxd8+ Nxd8 31. exf5 gxf5 32. Bxg4 fxg4 33. Qxe5 Bc7 34. Qe2 a5 35. f3 gxf3+ 36. Nxf3 Qb3 37. Ng5 Qxa4 38. bxa5 Qa1 39. c4 Qb1 40. Bf2 Qg6 41. Bb6 Bxb6 42. axb6 c5 43. Qd1 Qc6+ 44. Kh3 Qg6 45. Qf3 Qb1 46. g4 Qxb6 47. gxh5 Kd7 48. Qd5+ Ke7 49. h6 Qb1 50. Qxc5+ 1-0

[Event "45th Olympiad 2024"]
[Site "Budapest HUN"]
[Date "2024.09.22"]
[Round "11.70"]
[White "Annaberdiyev, Meylis"]
[Black "Gorshtein, Ido"]
[Result "1/2-1/2"]
[WhiteElo "2431"]
[BlackElo "2543"]
[PlyCount "60"]
[EventDate "2024.09.11"]
[WhiteTeam "Turkmenistan"]
[BlackTeam "Israel"]
[WhiteTeamCountry "TKM"]
[BlackTeamCountry "ISR"]

1. e4 c6 2. d4 d5 3. Nc3 dxe4 4. Nxe4 Nf6 5. Nxf6+ exf6 6. c3 Bd6 7. Bd3 O-O 8. Qc2 Re8+ 9. Ne2 h6 10. O-O Nd7 11. Bf4 ({RR} 11. Bd2 Nf8 12. Rae1 Qc7 13. h3 Be6 14. f4 c5 15. f5 Bd7 16. dxc5 Qxc5+ 17. Nd4 Bc6 18. b4 Qb6 19. Kh1 Rac8 20. Nxc6 bxc6 21. c4 Rxe1 22. Rxe1 Qf2 23. Re4 Qg3 24. Kg1 Qh2+ 25. Kf1 Rd8 {½-½ Tabatabaei,M (2623)-Harikrishna,P (2719) Belgrade FIDE GP 2 Pool-B 2022 (2)}) 11... Nf8 12. Bg3 Be6 $146 ({RR} 12... a5 13. c4 a4 14. Rad1 Bg4 15. f3 Bh5 16. Rfe1 Bxg3 17. hxg3 Bg6 18. Qc3 Re3 19. Nf4 Rxe1+ 20. Rxe1 Bxd3 21. Qxd3 Qd7 22. d5 b5 23. dxc6 Qxd3 24. Nxd3 bxc4 25. Nb4 a3 26. bxa3 Ne6 27. Rc1 {½-½ Weetik,V (2423)-Rees,I (2266) Titled Tue 13th Feb Early 2024 (2)}) ({RR} 12... Bg4 13. Rae1 Qd7 14. Bxd6 Qxd6 15. Ng3 Be6 16. b3 a5 17. Ne4 Qc7 18. Re3 f5 19. Nc5 g6 20. Rfe1 b6 21. Nxe6 Rxe6 22. Bc4 Rxe3 23. Rxe3 b5 24. Be2 Ne6 25. Bf3 Qd6 26. g3 Rd8 27. Bg2 {½-½ De Silva,L (2193)-Oparin,G (2681) Titled Tuesday intern op 18th Jan blitz 2022 (10)}) ({RR} 12... Bg4 13. Rfe1 g6 14. Qd2 Kg7 15. Bxd6 Qxd6 16. Ng3 Bd7 17. Ne4 Qc7 18. c4 Bf5 19. Nc3 Bxd3 20. Qxd3 Qb6 21. b3 Rxe1+ 22. Rxe1 Rd8 23. d5 Ne6 24. Qe3 Qxe3 25. fxe3 Nc5 26. Rd1 a5 27. Kf2 {½-½ Lau,R (2460)-Hort,V (2560) Berlin Mephisto 1st 1990 (5)}) 13. Nf4 Bxf4 14. Bxf4 Qd7 15. h3 Ng6 16. Bxg6 fxg6 17. Qxg6 Qf7 18. Qg3 Kh8 19. b3 b5 20. Rfe1 a5 21. Bd6 a4 22. bxa4 Rxa4 23. a3 Raa8 24. Re3 Bd5 25. Rae1 Rxe3 26. Rxe3 Re8 27. Rxe8+ Qxe8 28. Kh2 Kh7 29. Qd3+ Qg6 30. Qxg6+ Kxg6 1/2-1/2

[Event "45th Olympiad 2024"]
[Site "Budapest HUN"]
[Date "2024.09.22"]
[Round "11.18"]
[Board "3"]
[White "Nabaty, Tamir"]
[Black "Hommadov, Amanmuhammet"]
[Result "0-1"]
[WhiteElo "2630"]
[BlackElo "2181"]
[PlyCount "80"]
[EventDate "2024.09.11"]
[WhiteTeam "Israel"]
[BlackTeam "Turkmenistan"]
[WhiteTeamCountry "ISR"]
[BlackTeamCountry "TKM"]

1. d4 Nf6 2. c4 g6 3. Nc3 Bg7 4. e4 O-O 5. Be2 d6 6. h4 h5 7. Nf3 c5 8. d5 e6 9. Ng5 ({RR} 9. Bf4 Re8 10. Ng5 exd5 11. exd5 a6 12. O-O Nbd7 13. Bxd6 Qb6 14. Bf4 Qxb2 15. Rc1 b5 16. cxb5 axb5 17. Bxb5 Ra3 18. Qd2 Qb4 19. Bc6 Ng4 20. Nb5 Qxd2 21. Bxd2 Rxa2 22. Bf4 Ree2 23. Bg3 Ne3 {1-0 Grischuk,A (2776)-Svidler,P (2714) FTX Crypto Cup Prelim rapid 2021 (11)}) ({RR} 9. Bf4 e5 10. Bd2 a6 11. a4 Nh7 12. Ng5 Nxg5 13. hxg5 f6 14. Bxh5 gxh5 15. Qxh5 fxg5 16. Bxg5 Qe8 17. Qh7+ Kf7 18. Rh6 Nd7 19. Re6 Nf6 20. Rxf6+ {1-0 Gunina,V (2437)-Bodnaruk,A (2359) Swiss Queens Wed #13 2024 (8.91)}) 9... exd5 10. cxd5 a6 $146 ({RR} 10... Nbd7 11. f3 Ne5 12. Be3 a6 13. a4 Rb8 14. O-O Bd7 15. a5 Re8 16. Qd2 Nh7 17. Rfb1 Nxg5 18. Bxg5 Bf6 19. Bxf6 Qxf6 20. Qg5 Qg7 21. Nd1 f5 22. Nf2 Nf7 23. Qg3 Qf6 24. Ra3 f4 25. Qh2 {0-1 Urazayev,A (2438)-Hoghmrtsyan,A (2271) Titled Tuesday intern op 25th Jan blitz 2022 (9)}) 11. a4 Nbd7 12. O-O Re8 13. f4 Nf8 14. f5 N6d7 15. Bf4 Ne5 16. Qd2 Bd7 17. Rf2 c4 18. Raf1 b5 19. Nd1 Nh7 20. Nxh7 Kxh7 21. Bg5 Qb6 22. a5 Qc7 23. Ne3 Rac8 24. g4 c3 25. bxc3 Qxc3 26. Qxc3 Rxc3 27. fxg6+ fxg6 28. gxh5 Bh3 29. Ng2 gxh5 30. Bxh5 Rg8 31. Kh2 Bg4 32. Bf7 Rh3+ 33. Kg1 Nf3+ 34. Rxf3 Bxf3 35. Bxg8+ Kxg8 36. Rf2 Bd4 37. e5 dxe5 38. d6 Bc6 39. Kf1 Bxf2 40. Kxf2 Rd3 0-1

[Event "45th Olympiad 2024"]
[Site "Budapest HUN"]
[Date "2024.09.22"]
[Round "11.18"]
[Board "4"]
[White "Shirliyev, Allayar"]
[Black "Smirin, Ilia"]
[Result "1-0"]
[WhiteElo "2200"]
[BlackElo "2575"]
[PlyCount "109"]
[EventDate "2024.09.11"]
[WhiteTeam "Turkmenistan"]
[BlackTeam "Israel"]
[WhiteTeamCountry "TKM"]
[BlackTeamCountry "ISR"]

1. e4 c5 2. Nc3 e6 3. Nf3 d6 4. d4 cxd4 5. Nxd4 a6 6. Bd3 Nf6 7. O-O Nbd7 8. Qe2 g6 ({RR} 8... Be7 9. a4 Ne5 10. f4 Qb6 11. a5 Qa7 12. Kh1 Nxd3 13. Qxd3 Qc5 14. Bd2 b5 15. axb6 Qxb6 16. Be3 Qb7 17. e5 dxe5 18. fxe5 Nd7 19. Bf4 O-O 20. Qg3 Kh8 21. Rae1 Qb6 22. Nf3 Qxb2 23. Ne4 {1-0 Zelcic,R (2496)-Bukal,V (2411) ch-CRO 2022 Split CRO (11.6)}) 9. Kh1 Bg7 10. f4 O-O 11. a4 $146 ({RR} 11. Nf3 Qc7 12. a4 b6 13. Bd2 Bb7 14. Rae1 Nc5 15. Qf2 d5 16. e5 Nfe4 17. Bxe4 dxe4 18. Ng5 h6 19. Ngxe4 Nxe4 20. Nxe4 Qxc2 21. Nf6+ Bxf6 22. exf6 Qxb2 23. Rb1 Qxf6 24. Rxb6 Bd5 25. Bc1 Qf5 {0-1 Klundt,K (2375)-Meijers,V (2483) Biel MTO op 40th 2007 (8)}) ({RR} 11. Be3 Re8 12. Nf3 b5 13. e5 dxe5 14. fxe5 Ng4 15. Be4 Nxe3 16. Qxe3 Rb8 17. Bc6 Qb6 18. Qxb6 Rxb6 19. Bxd7 Bxd7 20. Ne4 Bc6 21. Nd6 Rf8 22. Rae1 Bxf3 23. Rxf3 Bxe5 24. Nxf7 Bxb2 25. Ng5 Rxf3 {1-0 Dworakowska,J (2377)-Grabarczyk,B (2472) Warsaw AIG Life rapid 2005 (11)}) ({RR} 11. Bd2 e5 12. Nf3 b5 13. a4 b4 14. Na2 a5 15. c3 b3 16. Nc1 Nc5 17. fxe5 dxe5 18. Bg5 Bb7 19. Nxe5 Qc7 20. Bxf6 Bxf6 21. Ng4 Bg7 22. e5 Rae8 23. Bc4 h5 24. Nf6+ Bxf6 25. Rxf6 Rxe5 {0-1 Stoma,P (2298)-Adamski,J (2276) Rewal op-A 14th 2009 (5)}) 11... Nc5 12. Be3 b6 13. b4 Nxd3 14. cxd3 Bb7 15. a5 Rc8 16. Na4 bxa5 17. bxa5 Qxa5 18. Rfb1 Qc7 19. Nb6 Rb8 20. Ra4 Bxe4 21. Rc4 Rxb6 22. Rxc7 Rxb1+ 23. Rc1 Rxc1+ 24. Bxc1 Rc8 25. Be3 Bd5 26. Qd2 a5 27. h3 a4 28. Qb4 Ra8 29. Nb5 Bc6 30. Na3 Ne8 31. Qb6 Bd5 32. Bd4 Bh6 33. Be3 Ng7 34. Kh2 Nf5 35. Bc1 Rc8 36. Bd2 Bg7 37. Qb4 Bb3 38. Qb7 Rf8 39. Nb5 h5 40. g4 Bd5 41. Qb6 Nh4 42. Kg3 a3 43. Nxa3 Nf3 44. Be3 Ra8 45. Qb4 h4+ 46. Kf2 f5 47. g5 Bf8 48. Bc1 Ra7 49. Bb2 Rc7 50. Nc4 Rb7 51. Nb6 Kh7 52. Qb5 Nd2 53. Qe8 e5 54. Qxf8 Rxb6 55. Qe7+ 1-0

[Event "45th Olympiad 2024"]
[Site "Budapest HUN"]
[Date "2024.09.22"]
[Round "11.19"]
[Board "1"]
[White "Kozak, Adam"]
[Black "Sadorra, Julio Catalino"]
[Result "1-0"]
[WhiteElo "2609"]
[BlackElo "2542"]
[PlyCount "77"]
[EventDate "2024.09.11"]
[WhiteTeam "Hungary B"]
[BlackTeam "Philippines"]
[BlackTeamCountry "PHI"]

1. c4 e6 2. Nc3 d5 3. d4 Nf6 4. Nf3 Nbd7 5. cxd5 exd5 6. Bg5 c6 7. e3 Be7 8. Qc2 O-O 9. Bd3 h6 10. Bf4 Nh5 11. O-O Nxf4 12. exf4 Bd6 ({RR} 12... b6 13. Rfe1 Bb7 14. Rad1 Re8 15. a3 Bd6 16. Ne5 Nf8 17. g3 Rc8 18. Qd2 Rc7 19. Bc2 Rce7 20. Nf3 Rxe1+ 21. Rxe1 Rxe1+ 22. Nxe1 c5 23. Nf3 a5 24. dxc5 Bxc5 25. Be4 d4 26. Bxb7 Qd7 27. Bd5 {½-½ Moskalenko,V (2429)-Alcala Gonzalez,C (2283) TCh-CAT GpA Final 2024 (1.5)}) 13. Qd2 $146 ({RR} 13. g3 Nf6 14. Ne5 Re8 15. Rfe1 Bh3 16. Bf5 Bxf5 17. Qxf5 Qb6 18. Qd3 a5 19. Re2 Re7 20. Rae1 Rae8 21. Kg2 Qc7 22. h3 Nd7 23. Qf5 Nf8 24. h4 Ne6 25. Qd3 b5 26. f5 Nxd4 27. Qxd4 Rxe5 {0-1 Kornyukov,A (2452)-Jian,A (2089) Titled Tuesday intern op 7th April blitz 2020 (3)}) ({RR} 13. g3 Nf6 14. Ne5 Re8 15. Rfe1 Bf8 16. Na4 Qa5 17. a3 Be6 18. b4 Qd8 19. Nc5 Bc8 20. Re3 Qd6 21. Nxf7 Kxf7 22. Bg6+ Kg8 23. Bxe8 b6 24. Nb3 Nxe8 25. Rxe8 Bf5 26. Qe2 Rxe8 27. Qxe8 Bg6 {1-0 Korobov,A (2664)-Bagrationi,A (2454) Titled Tue 18th Apr Early 2023 (1)}) ({RR} 13. Ne5 Nf6 14. Rfe1 c5 15. dxc5 Bxc5 16. Rad1 d4 17. Ne4 Be7 18. Bc4 Bb4 19. Rxd4 Qb6 20. Rd6 Bxd6 21. Nxf6+ gxf6 22. Qg6+ Kh8 23. Nxf7+ Rxf7 24. Re8+ Bf8 25. Rxf8+ Rxf8 26. Qxh6# {1-0 Zakhartsov,V (2506)-Akulinkin,V (2175) Sevastopol Waltz Rapid 2021 (3)}) 13... Re8 14. g3 Nf8 15. Kg2 Be6 16. Rfe1 f6 17. Nd1 Qb6 18. a3 Bg4 19. Ne3 Bxf3+ 20. Kxf3 g6 21. f5 g5 22. Bc2 Kg7 23. h4 c5 24. hxg5 hxg5 25. Nxd5 Qc6 26. dxc5 Bxc5 27. b4 Bb6 28. Bb3 Nd7 29. Rac1 Qd6 30. Kg2 Ne5 31. Qe2 Rh8 32. Red1 Rh6 33. Nf4 Rah8 34. Nh5+ Rxh5 35. Qxh5 Qe7 36. Qxh8+ Kxh8 37. Rc8+ Kg7 38. Rg8+ Kh7 39. Rh1# 1-0